000 00375 a2200109 4500
001 ART_3396
005 20260410161714.0
008 260409a
245 1 0 _aEvolución de las estrategias de desarrollo económica en el período de posguerra
100 1 _aVillanueva, Javier
773 0 _tDesarrollo económico
_g- Vol. 21, Nº 81 (abr./jun. 1981)
_wREV1174
999 _c16350
_d16350